000 00716nam a22001937a 4500
005 20180323142126.0
010 _a1718EN-30
020 _a9788184959253
_c325.00
035 _aB-683468-472
037 _bBSB
_adpl
082 _a220.21
100 _aSwami Adiswarananda
245 _aThe wisdom of the vedas /
_cby Swami Adiswarananda
260 _aMumbai
_bJaico Pub.
_c2016
270 _aA-2 Jash Chambers, 7-A Sir Phirozshah Mehta Raod,
_bMumbai
_e400001
300 _aviii,220p.
_c21cm(pbk)
942 _2ddc
_cEN
_mSWA
_h220.21
999 _c145280
_d145280